00553nam a2200193 a 4500001001300000003000900013005001700022008004100039020002300080082001700103100001700120245008000137260003000217300000900247500003500256505002200291650002900313700001700342nice12345678IN_TiNIC20260116014628.0070312s2007 lona grp 000 0 eng  a0749448970 c45000a153.152bBEA aBeard, Colin aExperiential Learningb A Best Practice Handbook for Educators and Trainers aLondonbKogan Page c2007 a314p aincludes index and biblioraphy2 aReferences, Index aActive Learning-Handbook1 aBeard, Colin